000 00161nam a2200085 4500
001 1256021
005 20251218101525.0
245 _aaSDAD
_casdASD
260 _basdASD
999 _c1256021
_d1256021